| 000 | 00747nam a2200181Ia 4500 | ||
|---|---|---|---|
| 008 | 151018s9999 xx 000 0 und d | ||
| 082 |
_bRBASDV49148 _a491.435 |
||
| 100 | _aए के मिश्रा | ||
| 245 | _aहिंदी व्याकरण एवं रचना विकार | ||
| 250 | _b1 | ||
| 260 |
_bइम्प्रेशन्स पब्लिशिंग कंपनी कर्नाटक _c2009 |
||
| 300 | _a486 | ||
| 600 | _aए के मिश्रा | ||
| 630 | _aहिंदी व्याकरण एवं रचना विकार | ||
| 700 | _aए के मिश्रा | ||
| 730 | _aहिंदी व्याकरण एवं रचना विकार | ||
| 942 | _cBOOK | ||
| 999 |
_c1048271 _d1048268 |
||